Normal view MARC view

Entry Personal Name

Number of records used in: 1

001 - CONTROL NUMBER

  • control field: 1164163

003 - CONTROL NUMBER IDENTIFIER

  • control field: OSt

005 - DATE AND TIME OF LATEST TRANSACTION

  • control field: 20260324121847.0

008 - FIXED-LENGTH DATA ELEMENTS

  • fixed length control field: 260324|| aca||aabn | a|a d

040 ## - CATALOGING SOURCE

  • Original cataloging agency: OSt
  • Transcribing agency: OSt

100 ## - HEADING--PERSONAL NAME

  • Personal name: Sandor Ferenczi; Ernest Jones; Ferenc Eros; Ken Robinson; Judit Szekacs-Weisz

670 ## - SOURCE DATA FOUND

  • Source citation: Work cat.: (OSt)1756524: Sandor Ferenczi; Ernest Jones; Ferenc Eros; Ken Robinson; Judit Szekacs-Weisz, Sandor Ferenczi - Ernest Jones
Copyright @ Delhi University Library System